[Event "CZE-chT2B 1920"]
[Site "Czech Republic"]
[Date "2020.02.23"]
[Round "9.6"]
[White "Staszko, Martin"]
[Black "Hons, Tomas"]
[Result "1-0"]
[WhiteElo "2057"]
[BlackElo "2041"]
[PlyCount "69"]
[EventDate "2019.10.13"]
[EventType "team-tourn"]
[EventRounds "11"]
[EventCountry "CZE"]
[SourceTitle "EXT 2024"]
[Source "ChessBase"]
[SourceDate "2023.10.10"]
[SourceVersion "1"]
[SourceVersionDate "2023.10.10"]
[SourceQuality "1"]
[WhiteTeam "Praha Dukla"]
[BlackTeam "Udlice"]
[WhiteTeamCountry "CZE"]
[BlackTeamCountry "CZE"]

1. d4 d5 2. Nf3 Nf6 3. c4 c6 4. Nc3 dxc4 5. a4 Bf5 6. e3 e6 7. Bxc4 Bb4 8. 0-0 Nbd7 9. Nh4 Bg4 10. f3 Bh5 11. g4 g5 12. Ng2 Bg6 13. e4 h6 14. Be3 a6 15. Qb3 a5 16. Na2 Be7 17. Rfd1 Qc7 18. Rac1 Rc8 19. Nc3 h5 20. e5 hxg4 21. f4 Ne4 22. Bxe6 fxe6 23. Nb5 Qb8 24. Qxe6 Bf7 25. Qf5 cxb5 26. Qxe4 gxf4 27. Bxf4 Be6 28. d5 Nc5 29. Qe3 Rh3 30. Bg3 Qa7 31. Nf4 Bg5 32. dxe6 Bxf4 33. Qxf4 Nd3+ 34. Bf2 Qxf2+ 35. Qxf2 1-0

[Event "CZE-chT2B 1819"]
[Site "Czech Republic"]
[Date "2019.01.27"]
[Round "7.2"]
[White "Pribyl, Josef"]
[Black "Hons, Tomas"]
[Result "1/2-1/2"]
[WhiteElo "2250"]
[BlackElo "1928"]
[PlyCount "63"]
[EventDate "2018.10.14"]
[EventType "team-tourn"]
[EventRounds "11"]
[EventCountry "CZE"]
[SourceTitle "EXT 2022"]
[Source "ChessBase"]
[SourceDate "2021.10.06"]
[SourceVersion "1"]
[SourceVersionDate "2021.10.06"]
[SourceQuality "1"]
[WhiteTeam "Praha Dopravni podnik II"]
[BlackTeam "Louny Union"]
[WhiteTeamCountry "CZE"]
[BlackTeamCountry "CZE"]

1. c4 Nf6 2. Nc3 e5 3. g3 d5 4. cxd5 Nxd5 5. Bg2 Nb6 6. Nf3 Nc6 7. 0-0 Be7 8. d3 0-0 9. a3 a5 10. Be3 Be6 11. Rc1 f5 12. Na4 Nxa4 13. Qxa4 Bf6 14. Rfd1 Qd7 15. Rd2 Rfd8 16. Ng5 Bd5 17. Bxd5+ Qxd5 18. Rc5 Qa2 19. b3 Qa1+ 20. Kg2 Bxg5 21. Qc4+ Kh8 22. Bxg5 Re8 23. Rb5 Qxa3 24. Rxb7 Qd6 25. Be3 Rab8 26. Rxb8 Rxb8 27. Rc2 Nd4 28. Bxd4 exd4 29. Qxc7 Qd5+ 30. f3 Qxb3 31. Ra2 Qxa2 32. Qxb8+ 1/2-1/2

[Event "CZE-chT2B 1617"]
[Site "Czech Republic"]
[Date "2017.01.15"]
[Round "6.2"]
[White "Hons, Tomas"]
[Black "Sochor, Jiri"]
[Result "1/2-1/2"]
[WhiteElo "1923"]
[BlackElo "2226"]
[PlyCount "187"]
[EventDate "2016.10.09"]
[EventType "team-tourn"]
[EventRounds "11"]
[EventCountry "CZE"]
[SourceTitle "EXT 2022"]
[Source "ChessBase"]
[SourceDate "2021.10.06"]
[SourceVersion "1"]
[SourceVersionDate "2021.10.06"]
[SourceQuality "1"]
[WhiteTeam "Usti nad Labem"]
[BlackTeam "Decin"]
[WhiteTeamCountry "CZE"]
[BlackTeamCountry "CZE"]

1. e4 e5 2. Nf3 Nc6 3. Bb5 a6 4. Ba4 Nf6 5. 0-0 Be7 6. Re1 b5 7. Bb3 0-0 8. a4 b4 9. d4 d6 10. dxe5 Nxe5 11. Nxe5 dxe5 12. Qxd8 Rxd8 13. Nd2 Bc5 14. Bc4 Bb7 15. Bd3 a5 16. Nf3 Re8 17. b3 Rad8 18. Bb2 Ng4 19. Re2 f6 20. Nd2 Kf8 21. Nc4 Ra8 22. Rd1 Red8 23. h3 Nxf2 24. Rxf2 Bxe4 25. Nxe5 Bxf2+ 26. Kxf2 fxe5 27. Bxe4 Rxd1 28. Bxa8 Rd2+ 29. Kf3 Rxc2 30. Bxe5 Rc5 31. Bd4 Rh5 32. Be4 Ke7 33. Ke3 g6 34. Bf3 Rf5 35. Kd3 Kd6 36. Bf2 h5 37. Bg3+ Kd7 38. Kd4 Rf8 39. Be4 g5 40. Kc5 h4 41. Be5 Kc8 42. Bf3 Kb8 43. Bg4 Re8 44. Bf6 Re3 45. Kc4 Kb7 46. Bxg5 Rc3+ 47. Kb5 c6+ 48. Kxa5 Rc5+ 49. Kxb4 Rxg5 50. Bf3 Kb6 51. Kc4 c5 52. Bd5 Rg3 53. a5+ Kxa5 54. Kxc5 Ka6 55. Bc4+ Ka7 56. Bd5 Rc3+ 57. Kb5 Rd3 58. Kc5 Kb8 59. b4 Kc7 60. b5 Rc3+ 61. Kd4 Rc2 62. Ke5 Rc5 63. Ke6 Rxb5 64. Bf3 Kb6 65. Kf6 Ka5 66. Be4 Kb4 67. Bf5 Kc3 68. Kg5 Kd2 69. Kg4 Ke3 70. Bd7 Rb4+ 71. Kg5 Kf2 72. Bc6 Kg3 73. Ba8 Rb5+ 74. Kg6 Kf4 75. Bf3 Rc5 76. Ba8 Rg5+ 77. Kh6 Rg8 78. Bd5 Rh8+ 79. Kg6 Rb8 80. Bf3 Rb5 81. Ba8 Rg5+ 82. Kh6 Kf5 83. Be4+ Kf6 84. Bf3 Rc5 85. Bb7 Kf5 86. Bf3 Rc7 87. Bg4+ Kf4 88. Bf3 Rf7 89. Kg6 Ra7 90. Kh5 Kg3 91. Kg5 Ra5+ 92. Kg6 Re5 93. Ba8 Re3 94. Kg5 1/2-1/2

[Event "EU-ch U18 26th"]
[Site "Prague"]
[Date "2016.08.27"]
[Round "9"]
[White "Ferreira, Hugo Miguel da Cost"]
[Black "Hons, Tomas"]
[Result "1/2-1/2"]
[WhiteElo "1975"]
[BlackElo "2033"]
[PlyCount "119"]
[EventDate "2016.08.18"]
[EventType "swiss"]
[EventRounds "9"]
[EventCountry "CZE"]
[SourceTitle "CBM 174 Extra"]
[Source "ChessBase"]
[SourceDate "2016.10.10"]
[SourceVersion "1"]
[SourceVersionDate "2016.10.10"]
[SourceQuality "1"]

1. d4 d5 2. Bf4 Nf6 3. e3 c5 4. c3 Nc6 5. Nd2 Bf5 6. Ngf3 e6 7. Ne5 h6 8. Bb5 Qb6 9. Qa4 Rc8 10. Nxc6 bxc6 11. Qa6 Qxa6 12. Bxa6 Rd8 13. dxc5 Bxc5 14. Nf3 Bd6 15. Nd4 Bxf4 16. exf4 Kd7 17. 0-0-0 Ne4 18. Rhf1 Bg6 19. f3 Nc5 20. Be2 Na4 21. Rd2 Rb8 22. Bd1 Nxc3 23. f5 Nxa2+ 24. Kb1 Nc3+ 25. Ka1 Nxd1 26. fxg6 Ne3 27. Re1 Nf5 28. Nxf5 exf5 29. gxf7 Rhf8 30. Re5 Rxf7 31. Rde2 Rbf8 32. Kb1 Kc7 33. Re6 Rd8 34. Kc2 Rd6 35. R6e5 Kb6 36. Kd3 g6 37. Kd4 c5+ 38. Kd3 Kc6 39. Re8 Rb7 40. Rc8+ Rc7 41. Rb8 g5 42. Rf8 f4 43. g3 fxg3 44. hxg3 Rb7 45. Rc8+ Kb5 46. Rc2 c4+ 47. Kd4 Ka4 48. f4 gxf4 49. gxf4 Re7 50. f5 Rdd7 51. Rc6 Kb3 52. Rf2 Re4+ 53. Kc5 d4 54. Rxh6 c3 55. bxc3 dxc3 56. f6 Rf7 57. Kd5 Re1 58. Rh8 Rd7+ 59. Kc6 Rf7 60. Kd5 1/2-1/2

[Event "Pardubice Czech op-B 27th"]
[Site "Pardubice"]
[Date "2016.07.26"]
[Round "5"]
[White "Wagner, Bernd"]
[Black "Hons, Tomas"]
[Result "0-1"]
[WhiteElo "2175"]
[BlackElo "2033"]
[PlyCount "132"]
[EventDate "2016.07.22"]
[EventType "swiss"]
[EventRounds "9"]
[EventCountry "CZE"]
[SourceTitle "CBM 173 Extra"]
[Source "ChessBase"]
[SourceDate "2016.08.29"]
[SourceVersion "1"]
[SourceVersionDate "2016.08.29"]
[SourceQuality "1"]

1. e4 c5 2. Nf3 e6 3. d4 cxd4 4. Nxd4 Nc6 5. Nc3 Qc7 6. Nxc6 bxc6 7. Bd3 d5 8. 0-0 Nf6 9. Qe2 Be7 10. Bd2 0-0 11. Rae1 d4 12. Nd1 Re8 13. e5 Nd7 14. Qe4 g6 15. Qxd4 c5 16. Qf4 Rb8 17. b3 Nb6 18. Nc3 Bb7 19. Qg4 Red8 20. Bg5 Bxg5 21. Qxg5 c4 22. bxc4 Nxc4 23. Ne4 Bxe4 24. Rxe4 Nb2 25. h4 Nxd3 26. cxd3 Rxd3 27. h5 Qd8 28. Qg4 Qf8 29. Rc1 Qh6 30. Rce1 Qxh5 31. Qxh5 gxh5 32. Ra4 Rd2 33. Rxa7 Rbb2 34. Rf1 Rxa2 35. Rxa2 Rxa2 36. Kh2 Kg7 37. Kg3 Kg6 38. Kh4 Re2 39. g3 Rxe5 40. Kh3 Re2 41. Kg2 Kg5 42. Ra1 h6 43. Ra5+ f5 44. Ra8 h4 45. Rg8+ Kh5 46. gxh4 Kxh4 47. Kf3 Re4 48. Rg6 Kh5 49. Rg8 Rg4 50. Re8 Rg6 51. Kf4 Kh4 52. f3 Kh3 53. Ra8 h5 54. Ra1 Kh2 55. Re1 h4 56. Re2+ Kg1 57. Re1+ Kf2 58. Rh1 Rh6 59. Kg5 Rh8 60. f4 h3 61. Kf6 h2 62. Kxe6 Kg2 63. Ra1 h1Q 64. Rxh1 Rxh1 65. Kxf5 Kf3 66. Ke5 Kg4 0-1

[Event "CZE-ch U18/20 sf"]
[Site "Doksy"]
[Date "2015.11.25"]
[Round "7"]
[White "Kratochvil, Vit"]
[Black "Hons, Tomas"]
[Result "1/2-1/2"]
[WhiteElo "2232"]
[BlackElo "1884"]
[PlyCount "116"]
[EventDate "2015.11.14"]
[EventType "swiss"]
[EventRounds "9"]
[EventCountry "CZE"]
[SourceTitle "EXT 2022"]
[Source "ChessBase"]
[SourceDate "2021.10.06"]
[SourceVersion "1"]
[SourceVersionDate "2021.10.06"]
[SourceQuality "1"]

1. e4 e5 2. Nf3 Nc6 3. Bc4 Bc5 4. 0-0 Nf6 5. d3 d6 6. c3 0-0 7. h3 h6 8. Re1 a6 9. Bb3 Re8 10. Nbd2 Ba7 11. Nf1 Ne7 12. Ng3 Ng6 13. a4 Bd7 14. Bc2 Bc6 15. d4 Qe7 16. b3 Rad8 17. Ba3 Nh7 18. Qd2 Ng5 19. Nh2 Nf4 20. h4 Nh7 21. Nf3 Qf6 22. Rad1 Bd7 23. Bb2 Bg4 24. Re3 Ng6 25. h5 Nf4 26. Qe1 Nxh5 27. Nxh5 Bxh5 28. Rd2 Nf8 29. Nh2 Ne6 30. Rg3 Nf4 31. Ng4 Bxg4 32. Rxg4 Ne6 33. d5 Nf4 34. Bc1 h5 35. Rg3 h4 36. Rg4 h3 37. g3 Nh5 38. Bd1 g6 39. Qf1 h2+ 40. Kxh2 Kg7 41. Rc2 Qe7 42. Qh3 Rh8 43. Rh4 Nf4 44. Bxf4 exf4 45. Bf3 Rxh4 46. gxh4 Rh8 47. Kg1 Rxh4 48. Qg2 Qd7 49. Kf1 f6 50. Ke2 g5 51. Rc1 c6 52. dxc6 Qxc6 53. Kd3 Qc5 54. Rf1 Rh8 55. Bg4 Rd8 56. Be6 Qe5 57. Qg4 Rh8 58. Bd5 Qe7 1/2-1/2

[Event "CZE-ch U18/20 sf"]
[Site "Doksy"]
[Date "2015.11.25"]
[Round "8"]
[White "Vykouk, Jan"]
[Black "Hons, Tomas"]
[Result "1-0"]
[WhiteElo "2431"]
[BlackElo "1884"]
[PlyCount "35"]
[EventDate "2015.11.14"]
[EventType "swiss"]
[EventRounds "9"]
[EventCountry "CZE"]
[SourceTitle "EXT 2022"]
[Source "ChessBase"]
[SourceDate "2021.10.06"]
[SourceVersion "1"]
[SourceVersionDate "2021.10.06"]
[SourceQuality "1"]

1. e4 e5 2. Nf3 Nc6 3. Bc4 Bc5 4. c3 Nf6 5. d4 exd4 6. 0-0 d5 7. exd5 Nxd5 8. cxd4 Be7 9. Bxd5 Qxd5 10. Nc3 Qd8 11. d5 Nb8 12. Bf4 0-0 13. Rc1 a6 14. Ne4 Bd6 15. Nxd6 cxd6 16. Qc2 Bg4 17. Ng5 g6 18. Qc7 1-0

[Event "Teplice op 10th"]
[Site "Teplice"]
[Date "2015.06.21"]
[Round "9"]
[White "Hons, Tomas"]
[Black "Jirasek, Jiri"]
[Result "1/2-1/2"]
[WhiteElo "1771"]
[BlackElo "1908"]
[PlyCount "95"]
[EventDate "2015.06.13"]
[EventType "swiss"]
[EventRounds "9"]
[EventCountry "CZE"]
[SourceTitle "EXT 2017"]
[Source "ChessBase"]
[SourceDate "2016.10.25"]
[SourceVersion "1"]
[SourceVersionDate "2016.10.25"]
[SourceQuality "1"]

1. e4 e5 2. Nf3 Nc6 3. Bb5 a6 4. Ba4 Nf6 5. 0-0 b5 6. Bb3 Be7 7. Re1 d6 8. c3 Na5 9. Bc2 c5 10. h3 0-0 11. d4 Qc7 12. d5 Bd7 13. Nbd2 Ne8 14. Nf1 g6 15. Ng3 Ng7 16. Bh6 Nb7 17. b3 Nd8 18. Nh2 f6 19. f4 Nf7 20. Bxg7 Kxg7 21. f5 gxf5 22. exf5 Kh8 23. Qh5 Be8 24. Ne4 Rg8 25. Ng4 Qd8 26. Qh4 Ng5 27. Qh6 Ra7 28. Kh1 Nxe4 29. Rxe4 Rg5 30. Rf1 Bh5 31. h4 Rxg4 32. Qxh5 Rg3 33. Rf3 Rxf3 34. Qxf3 Bf8 35. Rg4 Rg7 36. Rxg7 Bxg7 37. Qh5 Qf8 38. g4 Kg8 39. g5 Qf7 40. Qd1 Qe7 41. Qg4 Kh8 42. Qh5 e4 43. g6 h6 44. Kg1 Qe5 45. Qg4 e3 46. Qe4 Qg3+ 47. Kh1 Bf8 48. Qe8 1/2-1/2

[Event "Teplice op 10th"]
[Site "Teplice"]
[Date "2015.06.20"]
[Round "8"]
[White "Bublik, Frantisek"]
[Black "Hons, Tomas"]
[Result "1/2-1/2"]
[WhiteElo "1910"]
[BlackElo "1771"]
[PlyCount "73"]
[EventDate "2015.06.13"]
[EventType "swiss"]
[EventRounds "9"]
[EventCountry "CZE"]
[SourceTitle "EXT 2017"]
[Source "ChessBase"]
[SourceDate "2016.10.25"]
[SourceVersion "1"]
[SourceVersionDate "2016.10.25"]
[SourceQuality "1"]

1. e4 e5 2. Nf3 Nc6 3. Nc3 Nf6 4. d4 exd4 5. Nxd4 Bb4 6. Nxc6 bxc6 7. Bd3 d5 8. exd5 cxd5 9. 0-0 0-0 10. h3 h6 11. Qf3 Bb7 12. Bf4 Rb8 13. Nb5 d4 14. Bxc7 Qd7 15. Qg3 Rbc8 16. Be5 Nh5 17. Qg4 Qd5 18. Bxd4 f5 19. Qf3 Qf7 20. Qd1 Qg6 21. f3 Nf4 22. Rf2 Nxh3+ 23. Kf1 Nxf2 24. Kxf2 a6 25. Nc3 Qd6 26. Ne2 Rce8 27. c3 Bc5 28. Qd2 Bxd4+ 29. Nxd4 Qe5 30. Bc4+ Kh7 31. Rh1 f4 32. Bd3+ Kh8 33. Bg6 Re7 34. Rh5 Qf6 35. Rf5 Qh4+ 36. Kf1 Qh1+ 37. Kf2 1/2-1/2

[Event "Teplice op 10th"]
[Site "Teplice"]
[Date "2015.06.16"]
[Round "4"]
[White "Mikes, Jan"]
[Black "Hons, Tomas"]
[Result "1-0"]
[WhiteElo "2068"]
[BlackElo "1771"]
[PlyCount "23"]
[EventDate "2015.06.13"]
[EventType "swiss"]
[EventRounds "9"]
[EventCountry "CZE"]
[SourceTitle "EXT 2017"]
[Source "ChessBase"]
[SourceDate "2016.10.25"]
[SourceVersion "1"]
[SourceVersionDate "2016.10.25"]
[SourceQuality "1"]

1. c4 Nf6 2. Nc3 e6 3. e4 d5 4. e5 Nfd7 5. cxd5 Nxe5 6. d4 Ng6 7. Bc4 Bd6 8. dxe6 Bxe6 9. Bxe6 Qe7 10. Qa4+ Nd7 11. Qxd7+ Qxd7 12. Bxd7+ 1-0

[Event "Teplice op 10th"]
[Site "Teplice"]
[Date "2015.06.13"]
[Round "1"]
[White "Hons, Tomas"]
[Black "Zarubitski, Viachaslau"]
[Result "0-1"]
[WhiteElo "1771"]
[BlackElo "2196"]
[PlyCount "116"]
[EventDate "2015.06.13"]
[EventType "swiss"]
[EventRounds "9"]
[EventCountry "CZE"]
[SourceTitle "EXT 2017"]
[Source "ChessBase"]
[SourceDate "2016.10.25"]
[SourceVersion "1"]
[SourceVersionDate "2016.10.25"]
[SourceQuality "1"]

1. e4 c5 2. Nf3 e6 3. d4 cxd4 4. Nxd4 a6 5. Nc3 Qc7 6. Be2 Nf6 7. 0-0 d6 8. a4 b6 9. f4 Be7 10. Bd3 Bb7 11. Qe2 h5 12. e5 dxe5 13. fxe5 Bc5 14. exf6 Bxd4+ 15. Be3 Bxf6 16. Qf2 Nd7 17. Ne4 Bxe4 18. Bxe4 Rc8 19. Bd3 Nc5 20. Bxc5 Qxc5 21. Qxc5 Rxc5 22. c3 a5 23. Bb5+ Ke7 24. Rad1 Rd5 25. Rxd5 exd5 26. Rd1 Rd8 27. Kf1 Ke6 28. Ke2 Be5 29. h3 f5 30. Kf3 g5 31. Ke2 Kd6 32. Bd3 Ke6 33. Bb5 g4 34. hxg4 fxg4 35. Bd3 h4 36. Rf1 Rg8 37. Bf5+ Kd6 38. Rd1 Rg5 39. Bc8 Kc5 40. Kd3 h3 41. Ba6 Rf5 42. gxh3 gxh3 43. Ke3 h2 44. Rh1 Bg3 45. Be2 Bf2+ 46. Kd2 Bg1 47. b3 Rf4 48. Kd3 d4 49. cxd4+ Rxd4+ 50. Kc3 Re4 51. Bc4 Re3+ 52. Kc2 Kb4 53. Bf7 Rc3+ 54. Kb2 Rf3 55. Bd5 Rf2+ 56. Kb1 Kc3 57. Be6 Rb2+ 58. Ka1 Rxb3 0-1